000 00543cam a22001814a 4500
005 20250605164245.0
008 250528s ||||||||||||||||||||||||d
035 _a21469
040 _aGR-AtMCL
_bgre
_dGR-AtMCL
_eAACR2
245 1 _aΔΙΟΙΚΗΣΗ ΜΙΚΡΟΜΕΣΑΙΩΝ ΕΠΙΧΕΙΡΗΣΕΩΝ ΚΑΙ ΕΠΙΧΕΙΡΗΜΑΤΙΚΟΤΗΤΑ
250 _a1
260 _bΑυτοεκδοση,
_c1987
300 _a366
700 1 _aΚανελλοπουλος Κ. Χαραλ
_97500
942 _cBK
999 _c6531
_d6531